| 000 -LEADER |
| fixed length control field |
00572nam a22001217a 4500 |
| 040 ## - CATALOGING SOURCE |
| Transcribing agency |
RUA |
| 082 ## - DEWEY DECIMAL CLASSIFICATION NUMBER |
| Classification number |
LMA VIC 2024 B701 Or.1 |
| 100 ## - MAIN ENTRY--AUTHOR NAME |
| Personal name |
VICHET LIZA, វិចិត្រ លីហ្សា |
| 245 ## - TITLE STATEMENT |
| Title |
Study On Land Changes In Sangkat Cheungaek, Khan DangKor, Phnom Penh, សិក្សាអំពីបម្រែបម្រួលទីផ្សារដីធ្លីសង្កាត់ជើងឯក ខណ្ឌដង្កោ រាជធានីភ្នំពេញ |
| 260 ## - PUBLICATION, DISTRIBUTION, ETC. (IMPRINT) |
| Place of publication |
PHNOM PENH |
| Name of publisher |
RUA |
| Year of publication |
2024 |
| 300 ## - PHYSICAL DESCRIPTION |
| Number of Pages |
xii, |
| Other physical details |
ill, |
| Dimensions |
29cm, |
| 942 ## - ADDED ENTRY ELEMENTS (KOHA) |
| Koha item type |
LMA |
| 952 ## - LOCATION AND ITEM INFORMATION (KOHA) |
| Withdrawn status [LOCAL, KOHA] |
0 |
| 952 ## - LOCATION AND ITEM INFORMATION (KOHA) |
| Withdrawn status [LOCAL, KOHA] |
0 |